000 00898nam a2200265 i 4500
001 bg
100 1 _aEDWARDS, Betty
245 1 0 _aRysunek :
_bodkryj talent dzięki prawej półkuli mózgu /
_cBetty Edwards ; przeł. Dariusz Rossowski.
246 _iTyt. oryg.:
_aThe new drawing on the right side of the brain
260 _aŁódź :
_bW"Aha!",
_c2006.
300 _a277 s., [12] s. tabl. :
_brys. ;
_c24 cm.
500 _aTyt. oryg.: "The new drawing on the right side of the brain".
504 _aBibliogr.
650 9 _aRysunek
_xtechnika
655 _aPodręczniki
700 1 _aROSSOWSKI, Dariusz.
_eTł.
020 _a8372291314
040 _cBPK
041 1 _apol
_heng
080 _a741/744(07)
920 _a83-7229-131-4
942 _cKS
008 s pl f |000 0 pol
999 _c51780
_d51780
856 _uhttp://koha.tu.koszalin.pl/cgi-bin/koha/opac-detail.pl?biblionumber=51780
_yKatalog online BPK